Cryptology for engineers an application-oriented mathematical introduction / Schmied, Robert, author. (Record no. 22234)

000 -LEADER
fixed length control field 01701nam a22001577a 4500
020 ## - INTERNATIONAL STANDARD BOOK NUMBER
ISBN 9789811208041
082 ## - DEWEY DECIMAL CLASSIFICATION NUMBER
Classification number 005.824
Item number Sch3547 2020
100 ## - MAIN ENTRY--AUTHOR NAME
Personal name Schmied, Robert, author.
245 ## - TITLE STATEMENT
Title Cryptology for engineers an application-oriented mathematical introduction / Schmied, Robert, author.
260 ## - PUBLICATION, DISTRIBUTION, ETC. (IMPRINT)
Place of publication New Jersey :
Name of publisher World Scientific,
Year of publication ©2020.
300 ## - PHYSICAL DESCRIPTION
Number of Pages 1 online resources, xix, 361 pages :
Other physical details illustration.
500 ## - GENERAL NOTE
General note Includes bibliographical references and index.
520 ## - SUMMARY, ETC.
Summary, etc "Cryptology is increasingly becoming one of the most essential topics of interest in everyday life. Digital communication happens by transferring data between at least two participants - But do we want to disclose private information while executing a sensitive bank transfer? How about allowing third-party entities to eavesdrop on private calls while performing an important secret business discussion? Do we want to allow ambient communication concerning us to be manipulated while control software is driving our autonomous car along a steep slope? Questions like these make it clear why issues of security are a great concern in our increasingly augmented world. Cryptology for Engineers is a study of digital security in communications systems. The book covers the cryptographical functionalities of ciphering, hash generation, digital signature generation, key management and random number generation, with a clear sense of the mathematical background on the one hand and engineers' requirements on the other. Numerous examples computable by hand or with a small additional cost in most cases are provided inside". -- Provide by publisher.
650 ## - SUBJECT ADDED ENTRY--TOPICAL TERM
Topical Term Cryptography -- Mathematics.
942 ## - ADDED ENTRY ELEMENTS (KOHA)
Koha item type Electronic Books
Holdings
Source of acquisition Permanent Location Date acquired Collection code Koha item type Lost status Shelving location Withdrawn status Current Location Full call number
DonationCagayan State University - Carig Library2026-04-14E-BooksElectronic Books E-Resource Section Cagayan State University - Carig Library005.824 Sch3547 2020

Cagayan State University University Library, Carig Campus
Tuguegarao City, Cagayan 3500 | www.csucarig.edu.ph

Powered by Koha